Statistics for Most Wins Per Formula One Season

Click here to take the quiz!

General Stats

  • This quiz has been taken 15 times
  • The average score is 65 of 74

Answer Stats

YearWinsRacesDriver(s)% Correct
195268Alberto Ascari
100%
195138Juan Manuel Fangio
100%
195037Juan Manuel Fangio / Giuseppe Farina
100%
20231922Max Verstappen
100%
1993716Alain Prost
93%
195359Alberto Ascari
93%
1989616Ayrton Senna
93%
1991716Ayrton Senna
93%
1990616Ayrton Senna
93%
1988816Ayrton Senna
93%
1996816Damon Hill
93%
2005719Fernando Alonso / Kimi Räikkönen
93%
2006718Fernando Alonso / Michael Schumacher
93%
2010519Fernando Alonso / Sebastian Vettel
93%
1997717Jacques Villeneuve
93%
1976616James Hunt
93%
2009617Jenson Button
93%
195547Juan Manuel Fangio
93%
195469Juan Manuel Fangio
93%
195748Juan Manuel Fangio
93%
195638Juan Manuel Fangio
93%
20191121Lewis Hamilton
93%
20141119Lewis Hamilton
93%
20161021Lewis Hamilton
93%
2017920Lewis Hamilton
93%
20181121Lewis Hamilton
93%
20151019Lewis Hamilton
93%
20201117Lewis Hamilton
93%
20211022Max Verstappen
93%
20221522Max Verstappen
93%
2003616Michael Schumacher
93%
20021117Michael Schumacher
93%
2001917Michael Schumacher
93%
2000917Michael Schumacher
93%
20041318Michael Schumacher
93%
1995917Michael Schumacher
93%
1994816Michael Schumacher
93%
1999516Mika Häkkinen
93%
1998816Mika Häkkinen
93%
1992916Nigel Mansell
93%
1975514Niki Lauda
93%
20131319Sebastian Vettel
93%
20111119Sebastian Vettel
93%
2012520Sebastian Vettel
93%
1985516Alain Prost
86%
1984716Alain Prost
86%
1983415Alain Prost
86%
1980514Alan Jones
86%
1972512Emerson Fittipaldi
86%
2008618Felipe Massa
86%
196249Graham Hill
86%
1968312Graham Hill / Jackie Stewart
86%
1966410Jack Brabham
86%
1960510Jack Brabham
86%
1969611Jackie Stewart
86%
1963710Jim Clark
86%
1964310Jim Clark
86%
1965610Jim Clark
86%
2007617Kimi Räikkönen
86%
1978616Mario Andretti
86%
196128Phil Hill / Stirling Moss / Wolfgang von Trips
86%
1974315Emerson Fittipaldi / Ronnie Peterson / Carlos Reutemann
79%
195929Jack Brabham / Tony Brooks / Stirling Moss
79%
1973515Jackie Stewart
79%
1971611Jackie Stewart
79%
1970513Jochen Rindt
79%
1981315Nelson Piquet / Alain Prost
79%
1982216René Arnoux / Niki Lauda / Didier Pironi / Alain Prost / John Watson
79%
1958411Stirling Moss
79%
1977417Mario Andretti
71%
1986516Nigel Mansell
64%
1987616Nigel Mansell
64%
1979415Alan Jones
57%
1967411Jim Clark
57%

Score Distribution

Percentile by Number Answered

Percent of People with Each Score

Your Score History

You have not taken this quiz